Análisis de la actividad de los organismos nacionales e internacionales para combatir la corrupción (Registro nro. 16873)
[ vista simple ]
| 000 -LEADER | |
|---|---|
| fixed length control field | 00396 a2200109 4500 |
| 001 - CONTROL NUMBER | |
| control field | ART_7497 |
| 005 - DATE AND TIME OF LATEST TRANSACTION | |
| control field | 20260410161720.0 |
| 008 - FIXED-LENGTH DATA ELEMENTS--GENERAL INFORMATION | |
| fixed length control field | 260409a |
| 100 1# - MAIN ENTRY--PERSONAL NAME | |
| Personal name | López, Ricardo Daniel |
| 245 10 - TITLE STATEMENT | |
| Title | Análisis de la actividad de los organismos nacionales e internacionales para combatir la corrupción |
| 773 0# - HOST ITEM ENTRY | |
| Title | Contabilidad y auditoría |
| Related parts | - Año 8, Nº 16 (dic. 2002) |
| Record control number | REV1723 |
No hay ítems disponibles.